| 000 | 00609nam a2200181 i 4500 | ||
|---|---|---|---|
| 001 | 60218 | ||
| 003 | ES-MaACL | ||
| 005 | 20230906164200.0 | ||
| 007 | t| | ||
| 008 | 031103s1960 sp ||||1| spa d | ||
| 100 | 1 |
_aEscribano, Eugenio. _947629 |
|
| 245 | 1 | 0 |
_aTriptea Mariano / _cEugenio Escribano ; prólogo de Veremundo Pardo. |
| 260 |
_aMadrid : _bStudium, _c[1960] |
||
| 300 |
_a835 ; _c18 cm. |
||
| 505 | 8 | _aContiene: I: La Virgen nuestra Señora. -- II: El alma de la Virgen María. -- II: Jesús a los ojos de su madre | |
| 700 | 1 |
_aPardo, Veremundo. _988984 |
|
| 852 |
_aES-MaACL _jC-19757 _bR.47271 |
||
| 999 |
_c60218 _d60218 |
||